Journey to God : (Record no. 32311)
[ view plain ]
| 000 -LEADER | |
|---|---|
| fixed length control field | 01101cam a2200349 a 4500 |
| 001 - CONTROL NUMBER | |
| control field | 7250410 |
| 003 - CONTROL NUMBER IDENTIFIER | |
| control field | OSt |
| 005 - DATE AND TIME OF LATEST TRANSACTION | |
| control field | 20210909105816.0 |
| 008 - FIXED-LENGTH DATA ELEMENTS--GENERAL INFORMATION | |
| fixed length control field | 090311s2008 enkaf b 001 0 eng |
| 020 ## - INTERNATIONAL STANDARD BOOK NUMBER | |
| International Standard Book Number | 9780195476422 (hbk.) |
| 024 ## - OTHER STANDARD IDENTIFIER | |
| Standard number or code | 40016908457 |
| 035 ## - SYSTEM CONTROL NUMBER | |
| System control number | (OCoLC)ocn317746823 |
| 035 ## - SYSTEM CONTROL NUMBER | |
| System control number | (NNC)7250410 |
| 038 ## - RECORD CONTENT LICENSOR | |
| Staff Name | khadija |
| 040 ## - CATALOGING SOURCE | |
| Original cataloging agency | UKM |
| Transcribing agency | UKM |
| Modifying agency | DKAGE |
| -- | BWX |
| -- | OCLCQ |
| 041 1# - LANGUAGE CODE | |
| Language code of text/sound track or separate title | eng |
| Language code of original | ger |
| 042 ## - AUTHENTICATION CODE | |
| Authentication code | ukblcatcopy |
| 050 #4 - LIBRARY OF CONGRESS CALL NUMBER | |
| Classification number | BP189 |
| Item number | .F74 2008 |
| 082 04 - DEWEY DECIMAL CLASSIFICATION NUMBER | |
| Classification number | 294.4422 |
| Edition number | 22 |
| Author Mark | FRE |
| 100 1# - MAIN ENTRY--PERSONAL NAME | |
| Personal name | Frembgen, Jürgen Wasim. |
| 9 (RLIN) | 82307 |
| 245 10 - TITLE STATEMENT | |
| Title | Journey to God : |
| Remainder of title | Sufis and Dervishes in Islam / |
| Statement of responsibility, etc. | Jurgen Wasim Frembgen ; translated from German by Jane Ripken. |
| 260 ## - PUBLICATION, DISTRIBUTION, ETC. | |
| Place of publication, distribution, etc. | Oxford : |
| Name of publisher, distributor, etc. | Oxford University Press, |
| Date of publication, distribution, etc. | 2008. |
| 300 ## - PHYSICAL DESCRIPTION | |
| Extent | viii, 214 p., [16] p. of plates : |
| Other physical details | ill. (some col.) ; |
| Dimensions | 23 cm. |
| 504 ## - BIBLIOGRAPHY, ETC. NOTE | |
| Bibliography, etc. note | Includes bibliographical references and index. |
| 563 ## - BINDING INFORMATION | |
| Binding note | hardcover |
| 650 #0 - SUBJECT ADDED ENTRY--TOPICAL TERM | |
| Topical term or geographic name entry element | Sufism. |
| 9 (RLIN) | 6129 |
| 650 #0 - SUBJECT ADDED ENTRY--TOPICAL TERM | |
| Topical term or geographic name entry element | Spiritual life |
| General subdivision | Sufism. |
| 9 (RLIN) | 82308 |
| 650 #0 - SUBJECT ADDED ENTRY--TOPICAL TERM | |
| Topical term or geographic name entry element | Religious life |
| General subdivision | Sufism. |
| 9 (RLIN) | 82309 |
| 942 ## - ADDED ENTRY ELEMENTS (KOHA) | |
| Source of classification or shelving scheme | |
| Koha item type | Book |
| 948 1# - LOCAL PROCESSING INFORMATION (OCLC); SERIES PART DESIGNATOR (RLIN) | |
| Series part designator, SPT (RLIN) | 20090825 |
| b (OCLC) | c |
| c (OCLC) | ks26 |
| d (OCLC) | MPS |
| Withdrawn status | Lost status | Source of classification or shelving scheme | Damaged status | Not for loan | Permanent Location | Current Location | Shelving location | Date acquired | Full call number | Barcode | Date last seen | Price effective from | Koha item type | Public note |
|---|---|---|---|---|---|---|---|---|---|---|---|---|---|---|
| School of Mechanical & Manufacturing Engineering (SMME) | School of Mechanical & Manufacturing Engineering (SMME) | General Stacks | 08/05/2015 | 294.4422 FRE | SMME-945 | 03/27/2018 | 08/05/2015 | Book | Rack,49-Shelf,1 |
